Zsíroldható vitaminok meghatározása intenzív folyadékkromatográfiával I. az A- és E-vitamin meghatározása /

The liquid chromatographic method described in literature has been adapted by the authors for the determination of vitamin A and vitamin E. On a further development of the method a procedure has been evolved for the separation of these vitamins from premixes and fodders. Subsequent to the saponifica...

Teljes leírás

Elmentve itt :
Bibliográfiai részletek
Szerzők: Örsi Ferenc
Ábrahámné Szabó Ágnes
Dokumentumtípus: Cikk
Megjelent: Lapkiadó Vállalat Budapest 1984
Sorozat:Élelmiszervizsgálati közlemények 30 No. 3-4
Kulcsszavak:Folyadékkromatográfia, Élelmiszervizsgálat - analitikai kémia - módszer, Élelmiszerkémia - módszer
Tárgyszavak:
Online Access:http://acta.bibl.u-szeged.hu/81021
LEADER 02587nab a2200289 i 4500
001 acta81021
005 20230906122421.0
008 230906s1984 hu o 0|| hun d
022 |a 0422-9576 
040 |a SZTE Egyetemi Kiadványok Repozitórium  |b hun 
041 |a hun 
041 |a eng 
041 |a ger 
041 |a fre 
041 |a rus 
100 1 |a Örsi Ferenc 
245 1 0 |a Zsíroldható vitaminok meghatározása intenzív folyadékkromatográfiával I.   |h [elektronikus dokumentum] :  |b az A- és E-vitamin meghatározása /  |c  Örsi Ferenc 
260 |a Lapkiadó Vállalat  |b Budapest  |c 1984 
300 |a 127-138 
490 0 |a Élelmiszervizsgálati közlemények  |v 30 No. 3-4 
520 3 |a The liquid chromatographic method described in literature has been adapted by the authors for the determination of vitamin A and vitamin E. On a further development of the method a procedure has been evolved for the separation of these vitamins from premixes and fodders. Subsequent to the saponification of the samples a separation carried out in a reversed stable phase and detection by UV were applied. The interfering effect of the saponification and of some antioxidants were investigated. Die in der Literatur beschriebene Methode der Flüssigkeitschromatographie wurde von den Autoren zur Bestimmung von Vitamin A und Vitamin E angewendet. Durch eine weitere Entwicklung der Methode erhielt man ein Verfahren zur Trennung dieser Vitamine von Premixen und Futtermitteln. Nach der Verseifung der Muster wurde eine Abtrannung auf einer verkehrten stabilen Phase mittels UV-Nachweis angewendet. Die störende Wirkung der Verseifung und einiger Antioxydationsmittel wurde untersucht. Les auteurs ont adapté une méthode de Chromatographie en phase liquide rapportée dans la bibliographie pour la détermination les vitamines A et E. II ont développé cette méthode pour faire propre ä la séparation des vitamines dans les fourrages. I Is ont employé une UV-détection aprés la saponification et la séparation en phase stationnaire inverse. La saponification et Faction troublante de certains antioxidants ont été analysées. 
650 4 |a Műszaki és technológiai tudományok 
650 4 |a Egyéb műszaki tudományok és technológiák 
650 4 |a Élelmiszer és italfélék 
695 |a Folyadékkromatográfia, Élelmiszervizsgálat - analitikai kémia - módszer, Élelmiszerkémia - módszer 
700 0 2 |a Ábrahámné Szabó Ágnes  |e aut 
856 4 0 |u http://acta.bibl.u-szeged.hu/81021/1/elelmiszervizsgalati_kozlemenyek_1984_03-04_127-138.pdf  |z Dokumentum-elérés